000 00420cam a2200181ua 4500
001 1642
008 121115n ii |||gr||||Z||||||eng
020 _a81-7096-679-5
040 _aMAIN
041 _aEnglish
082 _bJAI
100 _aJain,S.P.
245 _aPractical Problems in Advanced Accounting part-11
250 _a5th.
260 _aLudhiana:
_bKalyani Publishers.
300 _av1/167.
942 _cBK
999 _c1640
_d1640